Fighting fake news : (Record no. 82670)

MARC details
000 -LEADER
fixed length control field 00929nam a22003017a 4500
003 - CONTROL NUMBER IDENTIFIER
control field URS
005 - DATE AND TIME OF LATEST TRANSACTION
control field 20260414121457.0
008 - FIXED-LENGTH DATA ELEMENTS--GENERAL INFORMATION
fixed length control field 250129b |||||||| |||| 00| 0 eng d
020 ## - INTERNATIONAL STANDARD BOOK NUMBER
International Standard Book Number 9781071854655
040 ## - CATALOGING SOURCE
Transcribing agency URS
050 ## - LIBRARY OF CONGRESS CALL NUMBER
Classification number P 96.M4
Item number .F468 2023
245 ## - TITLE STATEMENT
Title Fighting fake news :
Remainder of title teaching students to identify and interrogate information pollution /
Statement of responsibility, etc. Jeffrey D. Wilhelm... [and three others].
264 ## - PRODUCTION, PUBLICATION, DISTRIBUTION, MANUFACTURE, AND COPYRIGHT NOTICE
Place of production, publication, distribution, manufacture California :
Name of producer, publisher, distributor, manufacturer Corwin,
Date of production, publication, distribution, manufacture, or copyright notice ©2023.
300 ## - PHYSICAL DESCRIPTION
Extent xiv, 243 pages :
Other physical details illustrations ;
Dimensions 28 cm.
504 ## - BIBLIOGRAPHY, ETC. NOTE
Bibliography, etc. note Includes bibliographical references.
650 ## - SUBJECT ADDED ENTRY--TOPICAL TERM
Topical term or geographic name entry element Deepfakes.
650 ## - SUBJECT ADDED ENTRY--TOPICAL TERM
Topical term or geographic name entry element Fake news.
650 ## - SUBJECT ADDED ENTRY--TOPICAL TERM
Topical term or geographic name entry element Confirmation bias.
650 ## - SUBJECT ADDED ENTRY--TOPICAL TERM
Topical term or geographic name entry element Critical thinking.
650 ## - SUBJECT ADDED ENTRY--TOPICAL TERM
Topical term or geographic name entry element Disinformation.
650 ## - SUBJECT ADDED ENTRY--TOPICAL TERM
Topical term or geographic name entry element World wide web.
650 ## - SUBJECT ADDED ENTRY--TOPICAL TERM
Topical term or geographic name entry element Web literacy.
700 ## - ADDED ENTRY--PERSONAL NAME
Personal name Wilhelm, Jeffrey D.
700 ## - ADDED ENTRY--PERSONAL NAME
Personal name Smith, Michael W.
700 ## - ADDED ENTRY--PERSONAL NAME
Personal name Kesson, Hugh.
700 ## - ADDED ENTRY--PERSONAL NAME
Personal name Appleman, Deborah.
942 ## - ADDED ENTRY ELEMENTS (KOHA)
Source of classification or shelving scheme Library of Congress Classification
Koha item type Foreign Books
Holdings
Withdrawn status Source of classification or shelving scheme Damaged status Not for loan Home library Current library Date acquired Source of acquisition Total Checkouts Full call number Barcode Date last seen Price effective from Koha item type Collection code Shelving location Copy number
  Library of Congress Classification     Angono College Library Angono College Library 12/12/2024 Library Fund   FR PN 4784 .W649 2023 URSANG-7627 04/24/2025 04/24/2025 Foreign Books      
  Library of Congress Classification     Antipolo College Library Antipolo College Library 01/07/2025 Purchased   P 96.M4 .F468 2023 URSANT- 06132 04/06/2026 04/06/2026 Foreign Books Non-fiction Foreign Section 1

University of Rizal System
Email us at univlibservices@urs.edu.ph

Visit our Website www.urs.edu.ph/library